[Event "Bay Area International"]
[Site "?"]
[Date "2019.01.01"]
[Round "1"]
[White "Mackenzie, Dana"]
[Black "Bick, Gabriel"]
[Result "0-1"]
[WhiteElo "2012"]
[BlackElo "2381"]
[PlyCount "68"]
[EventDate "2019.??.??"]
[SourceVersionDate "2019.01.02"]

1. e4 e5 2. f4 exf4 3. Bc4 Qh4+ 4. Kf1 d6 5. d4 Be6 6. Bb3 Nf6 7. Nf3 Qh6 8.
Nc3 Nbd7 9. Qd3 O-O-O 10. Qb5 Re8 11. Qg5 Bxb3 12. axb3 Qxg5 13. Nxg5 h6 14.
Nxf7 Rh7 15. e5 dxe5 16. Nxe5 Nxe5 17. dxe5 Rxe5 18. Rxa7 Bc5 19. Ra8+ Kd7 20.
Na4 Bb4 21. Kf2 g5 22. Rd1+ Bd6 23. c4 Kc6 24. Bd2 Rhe7 25. b4 b6 26. Bc3 Ng4+
27. Kg1 Re2 28. Ra7 Ne3 29. b5+ Kd7 30. Rxd6+ Kxd6 31. Bb4+ Ke6 32. Bxe7 Rxg2+
33. Kh1 Rc2 34. Kg1 f3 0-1

[Event "Bay Area International"]
[Site "?"]
[Date "2019.01.01"]
[Round "1"]
[White "Marek, Matyas"]
[Black "Liem, Le Quang"]
[Result "0-1"]
[WhiteElo "2358"]
[BlackElo "2714"]
[PlyCount "102"]
[EventDate "2019.??.??"]
[SourceVersionDate "2019.01.02"]

1. Nf3 c5 2. g3 g6 3. Bg2 Bg7 4. O-O Nc6 5. c3 e5 6. d4 cxd4 7. cxd4 exd4 8.
Na3 Nge7 9. Nb5 Nf5 10. Bf4 O-O 11. g4 Nh4 12. Nxh4 Qxh4 13. h3 b6 14. Nc7 Rb8
15. Nb5 Ra8 16. Nc7 Rb8 17. Nb5 Ne5 18. Nxd4 Bb7 19. Bxb7 Rxb7 20. Bxe5 Bxe5
21. Nf3 Qf6 22. Qd5 Bxb2 23. Qxb7 Bxa1 24. Qxa7 Re8 25. Qa6 Bc3 26. Rb1 Ba5 27.
Qd3 h6 28. Kg2 Qc6 29. e3 Re6 30. Rd1 Rf6 31. Qd5 Kg7 32. e4 Bb4 33. e5 Rf4 34.
Rd4 Rxd4 35. Qxd4 Bc3 36. Qf4 b5 37. h4 b4 38. h5 g5 39. Qf5 Kf8 40. Kh3 Ke8
41. Kg3 Qe6 42. Qxe6+ dxe6 43. Kg2 Kd7 44. Kf1 Kc6 45. Ke2 Kd5 46. Kd3 Ba1 47.
Ng1 Bd4 48. Nh3 Bxe5 49. f3 Bd4 50. f4 f6 51. fxg5 fxg5 0-1

[Event "Bay Area International"]
[Site "?"]
[Date "2019.01.01"]
[Round "1"]
[White "Mishra, Abhimanyu"]
[Black "Tarjan, James"]
[Result "1-0"]
[WhiteElo "2120"]
[BlackElo "2402"]
[PlyCount "151"]
[EventDate "2019.??.??"]
[SourceVersionDate "2019.01.02"]

1. e4 e5 2. Nf3 Nc6 3. Bc4 Nf6 4. d3 Be7 5. O-O O-O 6. Re1 d6 7. a4 h6 8. c3
Be6 9. Nbd2 Qd7 10. a5 a6 11. Bxe6 fxe6 12. Nc4 Rfe8 13. Be3 Bf8 14. Qc2 Qf7
15. Rac1 Qh5 16. Qa4 d5 17. Ncd2 Rad8 18. Nf1 Ng4 19. Ng3 Qg6 20. h3 Nxe3 21.
Rxe3 Bc5 22. d4 Ba7 23. Rce1 exd4 24. cxd4 Rf8 25. e5 Rxf3 26. Rxf3 Bxd4 27.
Rd1 Bxe5 28. Ne2 Kh8 29. Rfd3 Rf8 30. f4 Bd6 31. Kh1 e5 32. Rxd5 exf4 33. Ng1
Re8 34. Qc4 Re4 35. Qb3 Rb4 36. Qc3 Qe4 37. Nf3 Rc4 38. Qe1 Qxe1+ 39. Rxe1 Rc2
40. Rd2 Rc5 41. Ra1 Kg8 42. Nd4 Rd5 43. Nb3 Rb5 44. Rd3 Kf7 45. Kg1 g5 46. Kf2
Kf6 47. Kf1 Be5 48. Rb1 Kf5 49. Kf2 Ke4 50. Rf3 h5 51. Nd2+ Kd5 52. Rd3+ Bd4+
53. Ke2 Nb4 54. Rb3 c5 55. Rc1 Be3 56. Rcc3 Bxd2 57. Kxd2 c4 58. Ra3 Nc6 59.
Kc2 g4 60. hxg4 hxg4 61. Ra4 Nxa5 62. Ra1 Nc6 63. Rf1 Nd4+ 64. Kb1 f3 65. gxf3
Nxf3 66. Rd1+ Kc5 67. Kc2 Nd4+ 68. Kb1 Nf3 69. Rd7 Ne5 70. Rg7 Rb6 71. Re3 Kd4
72. Re2 Rb5 73. Kc2 b6 74. Rb7 a5 75. Rb8 Rb3 76. Rd8+ 1-0

[Event "Bay Area International"]
[Site "?"]
[Date "2019.01.01"]
[Round "1"]
[White "Negi, Parimarjan"]
[Black "Virtanen, Teemu"]
[Result "1-0"]
[WhiteElo "2656"]
[BlackElo "2326"]
[PlyCount "69"]
[EventDate "2019.??.??"]
[SourceVersionDate "2019.01.02"]

1. e4 e5 2. Nf3 Nc6 3. Bc4 Nf6 4. d3 Bc5 5. O-O h6 6. a4 a6 7. c3 Ba7 8. Be3
Bxe3 9. fxe3 O-O 10. Nbd2 d5 11. exd5 Nxd5 12. Qe2 Be6 13. Bb3 Qe7 14. Rae1
Rad8 15. d4 Nf6 16. Bc2 Rd7 17. Nh4 Re8 18. Qf3 Bd5 19. e4 exd4 20. exd5 Qxe1
21. dxc6 Qxd2 22. cxd7 Rd8 23. Qg3 Qxc2 24. Nf5 g6 25. Nxh6+ Kg7 26. Qe5 Kxh6
27. Qxf6 Rxd7 28. Qh8+ Kg5 29. h4+ Kg4 30. Qh6 Rd5 31. Rf4+ Kg3 32. Rf3+ Kg4
33. Qf4+ Kh5 34. g4+ Kxh4 35. g5+ 1-0

[Event "Bay Area International"]
[Site "?"]
[Date "2019.01.01"]
[Round "1"]
[White "Ostrovskiy, Aleksandr"]
[Black "Nagarajan, Pranav"]
[Result "1-0"]
[WhiteElo "2439"]
[BlackElo "2206"]
[PlyCount "81"]
[EventDate "2019.??.??"]
[SourceVersionDate "2019.01.02"]

1. e4 e5 2. Nf3 Nc6 3. Bc4 Nf6 4. d3 Bc5 5. O-O h6 6. c3 d6 7. Re1 O-O 8. a4 a5
9. Nbd2 Bb6 10. Bb3 Re8 11. Nc4 Ba7 12. Be3 Bxe3 13. Nxe3 Be6 14. Bxe6 Rxe6 15.
Qb3 b6 16. Nd5 Ne7 17. c4 Ng6 18. d4 Nd7 19. Rad1 Re8 20. Qc2 c6 21. Nc3 Qc7
22. d5 c5 23. Nb5 Qb8 24. h4 Nf6 25. g3 Qd8 26. Qe2 Qd7 27. Nh2 h5 28. Rd3 Rad8
29. Rf3 Nf8 30. Rxf6 gxf6 31. Qxh5 Nh7 32. Ng4 Rf8 33. Re3 f5 34. Nh6+ Kh8 35.
Nxf5 f6 36. Nfxd6 Qe7 37. Nf5 Qe8 38. Qxe8 Rfxe8 39. Nc7 Rg8 40. Nh6 Rg7 41.
Ne6 1-0

[Event "Bay Area International"]
[Site "?"]
[Date "2019.01.01"]
[Round "1"]
[White "Polavaram, Rithik"]
[Black "Li, Zhaozhi"]
[Result "0-1"]
[WhiteElo "2056"]
[BlackElo "2395"]
[PlyCount "92"]
[EventDate "2019.??.??"]
[SourceVersionDate "2019.01.02"]

1. d4 Nf6 2. c4 e6 3. Nc3 Bb4 4. e3 O-O 5. Nge2 Re8 6. a3 Bf8 7. d5 a5 8. Ng3
Na6 9. Bd3 Nc5 10. Bc2 exd5 11. cxd5 b5 12. Nxb5 Ba6 13. Nc3 Bd6 14. Nce2 g6
15. O-O h5 16. Re1 h4 17. Nf1 c6 18. dxc6 dxc6 19. Nd4 Qc7 20. h3 Rad8 21. Qf3
Be5 22. Bd2 Nce4 23. Rad1 c5 24. Nb3 Ng5 25. Bxa5 Nxf3+ 26. gxf3 Rxd1 27. Rxd1
Qc8 28. Kg2 Bxb2 29. a4 Bb7 30. e4 Nh5 31. Bd2 Rd8 32. Bg5 Rxd1 33. Bxd1 f6 34.
Be3 Bd4 35. Nxd4 cxd4 36. Bb3+ Kg7 37. Bd2 Ba6 38. Nh2 Bc4 39. Bxc4 Qxc4 40.
Nf1 Qxa4 41. Kg1 Qd1 42. Kg2 f5 43. exf5 gxf5 44. f4 Nf6 45. Bb4 Ne4 46. Ba5
Qe2 0-1

[Event "Bay Area International"]
[Site "?"]
[Date "2019.01.01"]
[Round "1"]
[White "Polgar-Shutzman, Tom"]
[Black "Wang, Justin"]
[Result "0-1"]
[WhiteElo "2181"]
[BlackElo "2419"]
[PlyCount "70"]
[EventDate "2019.??.??"]
[SourceVersionDate "2019.01.02"]

1. e4 e5 2. Nf3 Nc6 3. Nc3 Nf6 4. d4 exd4 5. Nxd4 Bb4 6. Nxc6 bxc6 7. Bd3 d5 8.
exd5 cxd5 9. O-O O-O 10. h3 h6 11. Qf3 Re8 12. Bf4 c6 13. a3 Bd6 14. b4 a5 15.
b5 Bb7 16. bxc6 Bxc6 17. Ne2 Bc5 18. Ng3 Ne4 19. Bxe4 dxe4 20. Qh5 Bf8 21. Be3
Qf6 22. c4 Red8 23. Qg4 Qe5 24. Bxh6 Bd7 25. Qf4 Bd6 26. Qg5 Kh7 27. Qxg7+ Qxg7
28. Bxg7 Kxg7 29. Nxe4 Be5 30. Rae1 Be6 31. f4 Bd4+ 32. Kh2 Rab8 33. Rf3 Re8
34. Rg3+ Kf8 35. Rd3 Rbd8 0-1

[Event "Bay Area International"]
[Site "?"]
[Date "2019.01.01"]
[Round "1"]
[White "Peng, Shunkai"]
[Black "Bai, Jinshi"]
[Result "0-1"]
[WhiteElo "2285"]
[BlackElo "2572"]
[PlyCount "76"]
[EventDate "2019.??.??"]
[SourceVersionDate "2019.01.02"]

1. e4 c5 2. Nf3 e6 3. d4 cxd4 4. Nxd4 Nc6 5. Nc3 Qc7 6. g3 a6 7. Bg2 Nf6 8. O-O
Bc5 9. Nxc6 dxc6 10. e5 Qxe5 11. Bf4 Qd4 12. Qe2 Be7 13. Rfd1 Qb6 14. Be5 O-O
15. a4 Qa5 16. h3 Nd7 17. Bf4 e5 18. Bd2 Qc7 19. a5 Nc5 20. Be3 Be6 21. Ne4
Nxe4 22. Bxe4 Rae8 23. Bg2 Qc8 24. Kh2 f5 25. f4 exf4 26. gxf4 Bf6 27. c3 Bb3
28. Re1 Bh4 29. Rg1 Qe6 30. Qh5 Bg3+ 31. Kxg3 Qxe3+ 32. Bf3 Re4 33. Qh4 Rf6 34.
Rae1 Qd3 35. Ref1 Re3 36. Kg2 Rxf3 37. Rxf3 Bd5 38. Rgf1 Qe2+ 0-1

[Event "Bay Area International"]
[Site "?"]
[Date "2019.01.01"]
[Round "1"]
[White "Naroditskiy, Daniel"]
[Black "Saidy, Anthony"]
[Result "1-0"]
[WhiteElo "2616"]
[BlackElo "2309"]
[PlyCount "106"]
[EventDate "2019.??.??"]
[SourceVersionDate "2019.01.02"]

1. e4 e6 2. d4 d5 3. Nd2 dxe4 4. Nxe4 Bd7 5. Nf3 Bc6 6. Bd3 Nd7 7. O-O Ngf6 8.
Neg5 Bd6 9. Re1 h6 10. Nh3 Bxf3 11. Qxf3 c6 12. c3 Qc7 13. Nf4 O-O-O 14. h3 Kb8
15. Bd2 e5 16. Nh5 Nxh5 17. Qxh5 Nf6 18. Qf3 exd4 19. cxd4 Nd5 20. Bc4 Qd7 21.
Rab1 Rhe8 22. Red1 Re7 23. b4 Nb6 24. Bb3 Bc7 25. a4 a6 26. b5 axb5 27. axb5
cxb5 28. d5 Rde8 29. Be3 Nc8 30. d6 Bxd6 31. Ra1 Qc7 32. Rdc1 Qd7 33. Rd1 Qc7
34. Rac1 Rxe3 35. fxe3 Qb6 36. Rd4 Be5 37. Rd7 Nd6 38. Kh1 Rd8 39. Rxd8+ Qxd8
40. Bxf7 Nxf7 41. Qxf7 Qd2 42. Qf8+ Ka7 43. Qa3+ Kb8 44. Qf8+ Ka7 45. Qc5+ Ka6
46. Rb1 Qd3 47. Rc1 Qd2 48. Rf1 Qe2 49. Qc1 b4 50. Rf5 Bc3 51. e4 Qxe4 52. Qf1+
Ka7 53. Qf2+ Kb8 1-0

[Event "Bay Area International"]
[Site "?"]
[Date "2019.01.01"]
[Round "1"]
[White "SantAnna, Paulo"]
[Black "Kiewra, Keaton"]
[Result "0-1"]
[WhiteElo "1871"]
[BlackElo "2362"]
[PlyCount "92"]
[EventDate "2019.??.??"]
[SourceVersionDate "2019.01.02"]

1. Nf3 Nf6 2. g3 d5 3. Bg2 Bf5 4. d3 e6 5. O-O Be7 6. c4 c6 7. Be3 dxc4 8. dxc4
Qxd1 9. Rxd1 h6 10. Nc3 Nbd7 11. b3 Ng4 12. Bc1 O-O-O 13. Bb2 Bf6 14. h3 Nge5
15. Nd4 Nc5 16. Nxf5 exf5 17. f4 Ned7 18. b4 Nb6 19. Rxd8+ Rxd8 20. Nd1 Bxb2
21. Nxb2 Nca4 22. Nxa4 Nxa4 23. b5 Kc7 24. bxc6 bxc6 25. Kf2 Rd4 26. Rc1 Rd2
27. Ke3 Rxa2 28. Bf3 Nc5 29. g4 Ra3+ 30. Kf2 fxg4 31. hxg4 a5 32. g5 hxg5 33.
fxg5 a4 34. g6 fxg6 35. Rg1 Rb3 36. Rxg6 Rb6 37. Rxg7+ Kd6 38. Rg6+ Ke5 39.
Rg5+ Kd4 40. e3+ Kxc4 41. Be2+ Kb4 42. Rg4+ Ka5 43. Rc4 Nb3 44. Bd1 a3 45. Rc2
Kb4 46. Ke2 c5 0-1

[Event "Bay Area International"]
[Site "?"]
[Date "2019.01.01"]
[Round "1"]
[White "Santarius, Erik"]
[Black "Sathiaram, Sarvadh"]
[Result "1-0"]
[WhiteElo "2393"]
[BlackElo "2046"]
[PlyCount "81"]
[EventDate "2019.??.??"]
[SourceVersionDate "2019.01.02"]

1. d4 Nf6 2. Nf3 g6 3. Bg5 Ne4 4. Bf4 Bg7 5. Nbd2 d5 6. e3 Bg4 7. Be2 Nc6 8.
O-O Nxd2 9. Qxd2 O-O 10. h3 Bxf3 11. Bxf3 Qd7 12. Rfd1 Rad8 13. c4 dxc4 14. Qc3
e5 15. dxe5 Qe6 16. Bxc6 Qxc6 17. b3 Rxd1+ 18. Rxd1 Re8 19. bxc4 Qe6 20. Qb3 b6
21. Rd5 c6 22. Rd6 Qe7 23. Qa4 Bxe5 24. Bxe5 Qxe5 25. Qxc6 Qa1+ 26. Kh2 Qe5+
27. g3 Qe4 28. Qa4 Re7 29. Rd4 Qf5 30. Kg2 Qc8 31. Qd1 Qc6+ 32. Kg1 Re5 33. Qd3
Kf8 34. Qa3+ Rc5 35. Qxa7 Rxc4 36. Qb8+ Kg7 37. Qe5+ f6 38. Qe7+ Kh6 39. Qf8+
Kg5 40. h4+ Kf5 41. g4+ 1-0

[Event "Bay Area International"]
[Site "?"]
[Date "2019.01.01"]
[Round "1"]
[White "Sevian, Samuel"]
[Black "Williams, Justus"]
[Result "1-0"]
[WhiteElo "2647"]
[BlackElo "2316"]
[PlyCount "59"]
[EventDate "2019.??.??"]
[SourceVersionDate "2019.01.02"]

1. e4 c5 2. Nf3 d6 3. d4 cxd4 4. Nxd4 Nf6 5. Nc3 a6 6. Be2 e5 7. Nb3 Be7 8. Be3
Be6 9. Nd5 Nbd7 10. Qd3 O-O 11. O-O Rc8 12. c4 b5 13. cxb5 axb5 14. Rfd1 Rc4
15. Nxe7+ Qxe7 16. Na5 Ra4 17. Qxb5 Rxe4 18. Nc6 Qe8 19. Rxd6 Kh8 20. a4 Qa8
21. Bf3 Rxe3 22. fxe3 e4 23. Be2 Ne8 24. Rdd1 Nc7 25. Qa5 Qxc6 26. Rac1 Qa8 27.
Qxc7 Qxa4 28. Bc4 Bg4 29. Rd4 Nf6 30. Rd8 1-0

[Event "Bay Area International"]
[Site "?"]
[Date "2019.01.01"]
[Round "1"]
[White "Shen, Christopher"]
[Black "Quesada, Yuniesky"]
[Result "1/2-1/2"]
[WhiteElo "2311"]
[BlackElo "2642"]
[PlyCount "81"]
[EventDate "2019.??.??"]
[SourceVersionDate "2019.01.02"]

1. c4 e5 2. g3 Nc6 3. Bg2 Bc5 4. Nc3 a6 5. e3 d6 6. Nf3 Ba7 7. d4 exd4 8. Nxd4
Nxd4 9. exd4 Ne7 10. O-O O-O 11. b3 Nf5 12. Ne2 Rb8 13. Bb2 Re8 14. Qd2 b5 15.
cxb5 axb5 16. Rfe1 Bd7 17. Nf4 Qg5 18. h4 Qf6 19. Nd5 Rxe1+ 20. Rxe1 Qd8 21.
Qa5 Bxd4 22. Bxd4 Nxd4 23. Qxc7 Qxc7 24. Nxc7 Kf8 25. Rd1 Nf5 26. Be4 Ke7 27.
Nd5+ Kd8 28. Bxf5 Bxf5 29. Ne3 Be6 30. Rxd6+ Kc7 31. Rd2 Kc6 32. Kf1 Kc5 33.
Ke1 h5 34. Kd1 f6 35. f4 Re8 36. Ke2 g6 37. Kf2 b4 38. Rc2+ Kb5 39. Rd2 Kc5 40.
Rc2+ Kb5 41. Rd2 1/2-1/2

[Event "Bay Area International"]
[Site "?"]
[Date "2019.01.01"]
[Round "1"]
[White "Shetty, Atulya"]
[Black "Somalwar, Anaiy"]
[Result "1-0"]
[WhiteElo "2401"]
[BlackElo "2069"]
[PlyCount "89"]
[EventDate "2019.??.??"]
[SourceVersionDate "2019.01.02"]

1. c4 e6 2. g3 Nf6 3. Bg2 d5 4. Nf3 Be7 5. b3 O-O 6. O-O c6 7. Bb2 Nbd7 8. e3
b6 9. Nc3 Bb7 10. Qe2 c5 11. Rfd1 Rc8 12. Rac1 Bd6 13. cxd5 exd5 14. d4 Re8 15.
dxc5 bxc5 16. Qc2 Nb6 17. Nh4 Bf8 18. Nxd5 Bxd5 19. Bxf6 Bxb3 20. Rxd8 Bxc2 21.
Rxe8 Rxe8 22. Bxg7 Bxg7 23. Rxc2 c4 24. Nf5 Be5 25. f4 Ba1 26. Kf2 c3 27. Bf1
Nd5 28. a3 Bb2 29. Bc4 Nf6 30. Ke2 Kf8 31. Nd6 Re7 32. Bd3 Bxa3 33. Nf5 Rc7 34.
e4 Bb2 35. Ne3 h6 36. Nd1 Re7 37. e5 Nd7 38. Kf3 Nc5 39. Nxb2 cxb2 40. Rxc5 Rd7
41. Bf5 Rb7 42. Bb1 Rb3+ 43. Ke2 h5 44. f5 h4 45. f6 1-0

[Event "Bay Area International"]
[Site "?"]
[Date "2019.01.01"]
[Round "1"]
[White "Stukopin, Andrey"]
[Black "Kumar, Nikhil"]
[Result "1-0"]
[WhiteElo "2565"]
[BlackElo "2281"]
[PlyCount "47"]
[EventDate "2019.??.??"]
[SourceVersionDate "2019.01.02"]

1. Nf3 d5 2. g3 Nf6 3. Bg2 e6 4. O-O Be7 5. d3 O-O 6. Nbd2 c5 7. e4 Nc6 8. Re1
b5 9. e5 Nd7 10. Nf1 Qc7 11. Bf4 Bb7 12. h4 Rfc8 13. Ne3 Bf8 14. Ng5 Ncxe5 15.
Ng4 Bd6 16. Nxe5 Nxe5 17. Bxe5 Bxe5 18. Qh5 h6 19. Nxe6 fxe6 20. Rxe5 d4 21.
Bxb7 Qxb7 22. Rxe6 c4 23. Rae1 cxd3 24. Re7 1-0

[Event "Bay Area International"]
[Site "?"]
[Date "2019.01.01"]
[Round "1"]
[White "Taghizadeh, Rayan"]
[Black "Cordova, Emilio"]
[Result "0-1"]
[WhiteElo "2298"]
[BlackElo "2597"]
[PlyCount "70"]
[EventDate "2019.??.??"]
[SourceVersionDate "2019.01.02"]

1. d4 Nf6 2. Nf3 e6 3. Bf4 b6 4. e3 Bb7 5. c4 Bb4+ 6. Nfd2 O-O 7. a3 Bxd2+ 8.
Nxd2 d6 9. Bg3 Nbd7 10. f3 e5 11. d5 Nh5 12. Bf2 f5 13. Be2 f4 14. e4 a5 15. g4
Nhf6 16. b4 Qe7 17. h3 h6 18. Nb3 c5 19. dxc6 Bxc6 20. Nd2 Rfb8 21. O-O Nh7 22.
Kg2 Ng5 23. Qc2 Nf6 24. Rab1 axb4 25. axb4 h5 26. Ra1 Qe6 27. Qd3 Kf7 28. Bh4
Nxh3 29. Kxh3 hxg4+ 30. Kg2 gxf3+ 31. Qxf3 g5 32. Bf2 g4 33. Qd3 Nxe4 34. Qxe4
Bxe4+ 35. Nxe4 f3+ 0-1

[Event "Bay Area International"]
[Site "?"]
[Date "2019.01.01"]
[Round "1"]
[White "Venkataraman, Karthik"]
[Black "Daggupati, Balaji"]
[Result "1/2-1/2"]
[WhiteElo "2515"]
[BlackElo "2257"]
[PlyCount "119"]
[EventDate "2019.??.??"]
[SourceVersionDate "2019.01.02"]

1. e4 c5 2. Nf3 e6 3. d4 cxd4 4. Nxd4 Nf6 5. Nc3 Nc6 6. Ndb5 Bb4 7. a3 Bxc3+ 8.
Nxc3 d5 9. exd5 Nxd5 10. Nxd5 exd5 11. Bd3 Qe7+ 12. Qe2 Qxe2+ 13. Kxe2 Ne5 14.
Bb5+ Bd7 15. Bxd7+ Kxd7 16. Rd1 Ke6 17. Be3 Rac8 18. Rac1 b6 19. Bd4 Nc6 20.
Rd3 Nxd4+ 21. Rxd4 Rc4 22. Rxc4 dxc4 23. Rd1 Rc8 24. Rd4 Rc5 25. Kd2 b5 26. Kc3
Re5 27. Rd8 Ke7 28. Rd2 a5 29. a4 bxa4 30. Kxc4 f5 31. f4 Re4+ 32. Kb5 Rb4+ 33.
Kxa5 Rxb2 34. Kxa4 h6 35. h4 g6 36. g3 Ke6 37. Ka3 Rb8 38. c4 g5 39. hxg5 hxg5
40. Re2+ Kd6 41. Re5 gxf4 42. gxf4 Rf8 43. Kb4 Rb8+ 44. Rb5 Rf8 45. Rb6+ Ke7
46. Kc5 Rd8 47. Rh6 Rd1 48. Rh4 Kd7 49. Rh7+ Ke6 50. Kb5 Rf1 51. c5 Rxf4 52. c6
Rf2 53. c7 Rc2 54. Kb6 f4 55. Rh8 f3 56. Rf8 Kd7 57. Rd8+ Ke6 58. Rd1 Rxc7 59.
Kxc7 Ke5 60. Kc6 1/2-1/2

[Event "Bay Area International"]
[Site "?"]
[Date "2019.01.01"]
[Round "1"]
[White "Watson, John"]
[Black "Katz, Alexander"]
[Result "0-1"]
[WhiteElo "2203"]
[BlackElo "2433"]
[PlyCount "98"]
[EventDate "2019.??.??"]
[SourceVersionDate "2019.01.02"]

1. c4 Nf6 2. Nc3 e6 3. e4 d5 4. e5 d4 5. exf6 dxc3 6. bxc3 Qxf6 7. d4 b6 8. Be2
Bb7 9. Bf3 Bxf3 10. Nxf3 Bd6 11. Qa4+ c6 12. O-O O-O 13. Rb1 Bc7 14. Re1 Qf5
15. Bg5 a6 16. Rb2 b5 17. Qa3 Nd7 18. Be7 Rfe8 19. Bd6 Bxd6 20. Qxd6 Nb6 21.
Qxc6 Nxc4 22. Rbe2 Rec8 23. Qb7 Qf4 24. g3 Qb8 25. Qe4 Nd6 26. Qd3 Qc7 27. Ng5
g6 28. d5 exd5 29. Qxd5 Qc6 30. Re8+ Rxe8 31. Qxc6 Rxe1+ 32. Kg2 Rd8 33. Qxa6
Ree8 34. Nf3 Ne4 35. Qxb5 Nxc3 36. Qb3 Ne4 37. h4 h5 38. Qc2 Rc8 39. Qb2 Rc5
40. Nd4 Rec8 41. Qb7 Nf6 42. a4 Ng4 43. f3 Ne3+ 44. Kf2 Nc2 45. Nxc2 Rxc2+ 46.
Ke3 R2c7 47. Qb6 Rc3+ 48. Kf4 R3c4+ 49. Kg5 R8c6 0-1

[Event "Bay Area International"]
[Site "?"]
[Date "2019.01.01"]
[Round "1"]
[White "Xiong, Jeffery"]
[Black "Coleman, Teddy"]
[Result "1-0"]
[WhiteElo "2672"]
[BlackElo "2352"]
[PlyCount "131"]
[EventDate "2019.??.??"]
[SourceVersionDate "2019.01.02"]

1. e4 e5 2. Nf3 Nc6 3. Bb5 a6 4. Ba4 Nf6 5. O-O Nxe4 6. d4 b5 7. Bb3 d5 8. dxe5
Be6 9. c3 Be7 10. Nbd2 Nc5 11. Bc2 d4 12. Nb3 d3 13. Nxc5 dxc2 14. Qxd8+ Rxd8
15. Nxe6 fxe6 16. Be3 Rd5 17. Rfc1 Nxe5 18. Nxe5 Rxe5 19. Bd4 Re2 20. Kf1 Rd2
21. Be3 Rd1+ 22. Rxd1 cxd1=Q+ 23. Rxd1 Bd6 24. Ke2 Rf8 25. c4 bxc4 26. Rc1 Be5
27. Rxc4 Bxb2 28. Rxc7 Rf5 29. a4 Ra5 30. Rc4 Kd7 31. Bb6 Re5+ 32. Kf1 Rh5 33.
h3 a5 34. Ke2 Rd5 35. Ke3 Kd6 36. Rc8 Bf6 37. Ke4 Kd7 38. Rc7+ Kd6 39. Rc8 Kd7
40. Rc7+ Kd6 41. Ra7 Kc6 42. Be3 Kd6 43. g4 h5 44. Bf4+ Kc6 45. Rc7+ Kb6 46.
Rc4 hxg4 47. hxg4 g5 48. Be3+ Kb7 49. Rc1 Re5+ 50. Kd3 Rd5+ 51. Kc4 Kc6 52. Rb1
Re5 53. Kd3 Rd5+ 54. Ke4 Re5+ 55. Kf3 Kd5 56. Rb5+ Kc4 57. Rxe5 Bxe5 58. Bxg5
Kb4 59. Bd8 Kxa4 60. g5 Kb5 61. Ke4 Bd6 62. g6 Bf8 63. Bf6 Kc4 64. g7 Bxg7 65.
Bxg7 a4 66. f4 1-0

[Event "Bay Area International"]
[Site "?"]
[Date "2019.01.01"]
[Round "1"]
[White "Yanayt, Eugene"]
[Black "Wheeler, Cameron"]
[Result "0-1"]
[WhiteElo "2143"]
[BlackElo "2417"]
[PlyCount "20"]
[EventDate "2019.??.??"]
[SourceVersionDate "2019.01.02"]

1. e4 e6 2. d4 d5 3. Bd3 c5 4. exd5 exd5 5. dxc5 Bxc5 6. Nf3 Qe7+ 7. Qe2 Qxe2+
8. Kxe2 Nf6 9. Nc3 O-O 10. Rd1 Ng4 0-1

[Event "Bay Area International"]
[Site "?"]
[Date "2019.01.01"]
[Round "1"]
[White "Yoo, Christopher"]
[Black "Free, Graham"]
[Result "1-0"]
[WhiteElo "2388"]
[BlackElo "2015"]
[PlyCount "53"]
[EventDate "2019.??.??"]
[SourceVersionDate "2019.01.02"]

1. e4 c6 2. d4 d5 3. exd5 cxd5 4. Nf3 Nf6 5. Ne5 g6 6. Bb5+ Nbd7 7. O-O Bg7 8.
Nc3 O-O 9. Re1 e6 10. a4 Nxe5 11. dxe5 Nd7 12. f4 Nc5 13. Be3 Qc7 14. Bd4 b6
15. Bf1 Ba6 16. Bxa6 Nxa6 17. Nb5 Qe7 18. Qe2 Nc5 19. Nc3 f5 20. exf6 Bxf6 21.
Rad1 Bxd4+ 22. Rxd4 Qf6 23. Qe3 Rae8 24. g3 e5 25. Nxd5 Qf7 26. Rd2 exf4 27.
Qxe8 1-0

[Event "Bay Area International"]
[Site "?"]
[Date "2019.01.01"]
[Round "1"]
[White "Zhu, Jack"]
[Black "Canessa, John"]
[Result "1-0"]
[WhiteElo "2364"]
[BlackElo "1958"]
[PlyCount "73"]
[EventDate "2019.??.??"]
[SourceVersionDate "2019.01.02"]

1. e4 e5 2. Nf3 Nc6 3. Nc3 Nf6 4. g3 Bc5 5. Bg2 d6 6. d3 h6 7. Na4 Bb6 8. O-O
Bg4 9. h3 Bxf3 10. Qxf3 Qd7 11. Nxb6 axb6 12. a3 O-O-O 13. c4 Nd4 14. Qd1 c5
15. b4 Kc7 16. b5 g5 17. a4 Ra8 18. Bd2 g4 19. h4 Qe6 20. Kh2 Nd7 21. f3 f5 22.
exf5 Qxf5 23. fxg4 Qxd3 24. a5 Qxc4 25. Rc1 Qe2 26. Rf7 Qxd1 27. Rxd1 bxa5 28.
b6+ Kd8 29. g5 Ke8 30. Rdf1 a4 31. gxh6 Rf8 32. h7 Rxf7 33. h8=Q+ Rf8 34. Rxf8+
Nxf8 35. Qg7 a3 36. Bg5 Nf5 37. Qxb7 1-0

[Event "Bay Area International"]
[Site "?"]
[Date "2019.01.02"]
[Round "2"]
[White "Ali Marandi, Cemil Can"]
[Black "Santarius, Erik"]
[Result "1-0"]
[WhiteElo "2530"]
[BlackElo "2393"]
[PlyCount "107"]
[EventDate "2019.??.??"]
[SourceVersionDate "2019.01.02"]

1. d4 Nf6 2. Bf4 d5 3. e3 c5 4. c3 cxd4 5. cxd4 Nc6 6. Nc3 a6 7. Bd3 Bg4 8.
Nge2 e6 9. O-O Bd6 10. Bxd6 Qxd6 11. Qb3 Bxe2 12. Nxe2 O-O 13. Rfc1 Rab8 14.
Rc3 e5 15. dxe5 Qxe5 16. Qd1 Ne4 17. Bxe4 dxe4 18. Ng3 Rbd8 19. Qb3 Rd7 20.
Rac1 g6 21. h3 Re8 22. Rc5 Qe6 23. R1c4 f5 24. Ne2 b5 25. Rc1 Qxb3 26. axb3 Nb4
27. Nd4 Red8 28. Rc7 Nd5 29. R7c6 Nb4 30. Rb6 f4 31. Re6 Nd3 32. Ra1 Nxb2 33.
Rxe4 fxe3 34. fxe3 Nd3 35. Nc6 Nc5 36. Nxd8 Nxe4 37. Nc6 Rd3 38. b4 Rxe3 39.
Rxa6 Re1+ 40. Kh2 Rb1 41. Rb6 Nc3 42. Rb8+ Kg7 43. Rb7+ Kh6 44. h4 Re1 45. g4
g5 46. h5 Re4 47. Ne7 Kg7 48. Nd5+ Kh6 49. Nf6 Re2+ 50. Kg1 Re1+ 51. Kg2 Re2+
52. Kf1 Rf2+ 53. Kxf2 Ne4+ 54. Kf3 1-0

[Event "Bay Area International"]
[Site "?"]
[Date "2019.01.02"]
[Round "2"]
[White "Anderson, Michael"]
[Black "Lee, Andy"]
[Result "0-1"]
[WhiteElo "1751"]
[BlackElo "2226"]
[PlyCount "64"]
[EventDate "2019.??.??"]
[SourceVersionDate "2019.01.02"]

1. e4 Nf6 2. e5 Nd5 3. c4 Nb6 4. d4 d6 5. exd6 cxd6 6. Nc3 g6 7. Bd3 Bg7 8.
Nge2 O-O 9. b3 Nc6 10. Be3 e5 11. d5 Nb4 12. Bb1 f5 13. a3 Na6 14. f3 e4 15.
O-O f4 16. Bd4 exf3 17. Rxf3 Bg4 18. Bxg7 Bxf3 19. Bxf8 Qg5 20. Qf1 Bxe2 21.
Be7 Qxe7 22. Qxe2 Qg7 23. Qd2 Re8 24. Ba2 Re3 25. Rc1 Nc5 26. Nb5 Qe5 27. Rf1
a6 28. b4 Nd3 29. c5 axb5 30. cxb6 Qd4 31. Kh1 Qe4 32. Bb1 Re2 0-1

[Event "Bay Area International"]
[Site "?"]
[Date "2019.01.02"]
[Round "2"]
[White "Arne, Mike"]
[Black "Taghizadeh, Rayan"]
[Result "0-1"]
[WhiteElo "2124"]
[BlackElo "2298"]
[PlyCount "132"]
[EventDate "2019.??.??"]
[SourceVersionDate "2019.01.02"]

1. c4 e5 2. Nc3 Nc6 3. Nf3 g6 4. d4 exd4 5. Nxd4 Bg7 6. Nxc6 bxc6 7. g3 Ne7 8.
Bg2 O-O 9. O-O h6 10. Qc2 d6 11. b3 f5 12. e3 Be6 13. Bb2 Qe8 14. Ne2 Qf7 15.
Bxg7 Qxg7 16. Rac1 Rac8 17. Qc3 Qxc3 18. Nxc3 c5 19. Rfd1 Rfd8 20. Rd2 Kf7 21.
Re1 Bd7 22. Rde2 Re8 23. f4 a5 24. Kf2 Rb8 25. Bf3 Rb4 26. e4 fxe4 27. Rxe4
Rbb8 28. g4 g5 29. f5 Rbd8 30. Kg3 h5 31. h3 Kf8 32. R4e2 Nc6 33. Rxe8+ Rxe8
34. Rxe8+ Bxe8 35. Ne4 h4+ 36. Kf2 Nd4 37. Nxg5 Ke7 38. Ne4 Bc6 39. Ke3 Bxe4
40. Kxe4 Kf6 41. Kf4 Nxf3 42. Kxf3 Kg5 43. Ke3 c6 44. Kd3 d5 45. Ke3 d4+ 46.
Kd3 Kf6 47. Ke4 Kg5 48. Kf3 Kf6 49. Kf4 Kg7 50. g5 Kf7 51. Ke4 Kg7 52. f6+ Kg6
53. Kf4 Kf7 54. Kf5 d3 55. g6+ Kf8 56. Ke6 d2 57. g7+ Kg8 58. Ke7 d1=Q 59. f7+
Kxg7 60. f8=Q+ Kg6 61. Qf6+ Kh5 62. Kf7 Qd7+ 63. Kg8 Qxh3 64. Qe5+ Kg4 65. Qxc5
Qg2 66. Qxa5 h3 0-1